|
|
|
|
| LEADER |
00000nam a2200000 4500 |
| 001 |
vtls012077902 |
| 003 |
SK-MaSNL |
| 005 |
20260301220854.0 |
| 008 |
211118s2018 gw grn 000 e ger |
| 015 |
|
|
|a SNBZSA2023/08
|
| 020 |
|
|
|a 9783961521890
|q (brožované)
|
| 040 |
|
|
|a SNK
|b slo
|c SNK
|e rda
|
| 041 |
0 |
|
|a ger
|
| 043 |
|
|
|a e-xo---
|
| 044 |
|
|
|a gw
|c DE
|
| 072 |
|
7 |
|a 94(437.6)
|x Dejiny Slovenska
|2 konspekt
|
| 072 |
|
7 |
|a 323
|x Vnútropolitický vývoj, politický život
|2 konspekt
|
| 080 |
|
|
|a 341.211
|2 2011
|
| 080 |
|
|
|a (082.2)
|2 2011
|
| 080 |
|
|
|a (0:82-4)
|2 2011
|
| 080 |
|
|
|a (082)
|2 2011
|
| 080 |
|
|
|a 328/329
|2 2011
|
| 080 |
|
|
|a 323
|2 2011
|
| 080 |
|
|
|a 94(437.6)
|2 2011
|
| 080 |
|
|
|a 321.7:316.42
|2 2011
|
| 245 |
0 |
0 |
|a Zeitspuren
|b Gedanken zum 25-jährigen Bestehen der Slowakei
|c Christian Ahlrep & Thomas Edeling (Hrsg.)
|
| 250 |
|
|
|a 1. Auflage
|
| 264 |
|
1 |
|a Oldenburg
|b Schardt Verlag
|c 2018
|
| 300 |
|
|
|a 168 strán
|c 19 cm
|
| 336 |
|
|
|a text
|b txt
|2 rdacontent
|
| 337 |
|
|
|a bez média
|b n
|2 rdamedia
|
| 338 |
|
|
|a zväzok
|b nc
|2 rdacarrier
|
| 504 |
|
|
|a Obsahuje bibliografické odkazy
|
| 648 |
|
7 |
|a 1993
|2 SNKPH
|9 284597
|
| 650 |
0 |
7 |
|a štátna zvrchovanosť
|2 SNKPH
|9 4433
|
| 650 |
0 |
7 |
|a Sovereignity
|2 SNKPHeng
|9 303164
|
| 650 |
0 |
7 |
|a politika a vláda
|2 SNKPH
|9 3868
|
| 650 |
0 |
7 |
|a Politics and government
|2 SNKPHeng
|9 280895
|
| 650 |
0 |
7 |
|a spoločnosť a politika
|2 SNKPH
|9 1526
|
| 650 |
0 |
7 |
|a Society and policy
|2 SNKPHeng
|9 299290
|
| 650 |
0 |
7 |
|a demokratizácia
|2 SNKPH
|9 3570
|
| 650 |
0 |
7 |
|a Democratization
|2 SNKPHeng
|9 280445
|
| 651 |
|
7 |
|a Slovensko
|x dejiny
|2 SNKPHgeo
|9 13278
|
| 651 |
|
7 |
|a Slovakia
|x history
|2 SNKPHeng
|9 266841
|
| 655 |
|
7 |
|a eseje
|2 SNKPH
|9 57030
|
| 655 |
|
7 |
|a jubilejné publikácie
|2 SNKPH
|9 70339
|
| 655 |
|
7 |
|a zborníky
|2 SNKPH
|9 70165
|
| 655 |
|
7 |
|a Essays
|2 SNKPHeng
|9 267540
|
| 655 |
|
7 |
|a Jubilee books
|2 SNKPHeng
|9 281827
|
| 655 |
|
7 |
|a Papers of several authors
|2 SNKPHeng
|9 153738
|
| 700 |
1 |
|
|a Ahlrep, Christian
|4 edt
|9 608581
|
| 700 |
1 |
|
|a Edeling, Thomas,
|d 1948-
|4 edt
|9 608582
|
| 852 |
|
|
|a Slovenská národná knižnica
|
| 919 |
|
|
|a 978-3-96152-189-0
|
| 954 |
|
|
|a odborná, vedecká literatúra cudzojazyčná (svetová)
|2 lita
|
| 954 |
|
|
|a beletria cudzojazyčná (svetová)
|2 lita
|
| 958 |
|
|
|a NB
|
| 958 |
|
|
|a ZS
|
| 999 |
|
|
|c 933539
|d 935469
|
| 952 |
|
|
|a SNK
|b SNK
|y PREZ
|7 0
|p 17A1483258
|o snkSD 90869
|i snk2022/10531
|8 4
|g 16.03
|0 0
|1 0
|4 0
|d 2021-11-18
|f 1
|l 0
|r 2026-02-24 08:55:45
|w 2026-02-24
|